| 000 | 00506nam a2200193Ia 4500 | ||
|---|---|---|---|
| 008 | 151121s9999||||xx |||||||||||||| ||und|| | ||
| 082 | _a780।90/Don | ||
| 082 | _bHNW-53529 | ||
| 100 | _aDonakowski Conrad L। | ||
| 245 | 2 | _aA Muse For The Masses | |
| 260 | _bThe University of Chicago Press | ||
| 260 | _c-- | ||
| 300 | _a435 | ||
| 600 | _aDonakowski Conrad L। | ||
| 630 | _aA Muse For The Masses | ||
| 700 | _aDonakowski Conrad L। | ||
| 730 | _aA Muse For The Masses | ||
| 942 | _cBOOK | ||
| 999 |
_c1237125 _d1237122 |
||